| 000 | 00780nam a22002417a 4500 | ||
|---|---|---|---|
| 003 | OSt | ||
| 005 | 20220107122856.0 | ||
| 008 | 191030b xxu||||| |||| 00| 0 eng d | ||
| 020 | _a9781484239247 | ||
| 040 | _cIIITMK | ||
| 082 | _a006.312 HAJ/W | ||
| 100 |
_aHajba, Gabor Laszlo _917070 |
||
| 245 |
_aWebsite scraping with python: _bUsing beautifulsoup and scrapy _cGabor Laszlo Hajba |
||
| 260 |
_aNew York, _bApress, _c2018. |
||
| 300 | _axviii, 223p. | ||
| 650 |
_aCOMPUTER SCIENCE _917259 |
||
| 650 |
_aCOMPUTER PROGRAMMING _917260 |
||
| 650 |
_aPYTHON _917261 |
||
| 650 |
_aDATA PROCESSING _917262 |
||
| 650 |
_aWEBSITE SCRAPING _917263 |
||
| 856 | _uhttps://www.pdfdrive.com/website-scraping-with-python-using-beautifulsoup-and-scrapy-d176285250.html | ||
| 942 |
_2ddc _cBK |
||
| 999 |
_c6642 _d6642 |
||